000 01460nam a2200337Ia 4500
001 ebr10060638
003 CaPaEBR
006 m u
007 cr cn|||||||||
008 921120s1993 enk sb 001 0 eng d
010 _z 92044126
020 _z0203415183
020 _z0415068592
040 _aCaPaEBR
_cCaPaEBR
035 _a(OCoLC)646717796
050 1 4 _aHD5715.2
_b.S5 1993eb
100 1 _aShuttleworth, Dale E.
_q(Dale Edwin),
_d1938-
245 1 0 _aEnterprise learning in action
_h[electronic resource] :
_beducation and economic renewal for the twenty-first century /
_cDale E. Shuttleworth.
260 _aLondon ;
_aNew York :
_bRoutledge,
_c1993.
300 _axvi, 222 p.
490 1 _aEducational management series
504 _aIncludes bibliographical references (p. [206]-215) and index.
533 _aElectronic reproduction.
_bPalo Alto, Calif. :
_cebrary,
_d2009.
_nAvailable via World Wide Web.
_nAccess may be limited to ebrary affiliated libraries.
650 0 _aLabor supply
_xEffect of education on
_zUnited States
_vCase studies.
650 0 _aBusiness and education
_zUnited States
_vCase studies.
650 0 _aOccupational training
_zUnited States
_vCase studies.
655 7 _aElectronic books.
_2local
710 2 _aebrary, Inc.
830 0 _aEducational management series.
856 4 0 _uhttp://site.ebrary.com/lib/rucke/Doc?id=10060638
_zAn electronic book accessible through the World Wide Web; click to view
999 _c46110
_d46110